000 005030000a22001810004500
020 _a0-89107-768-5
041 0 _aENG
082 0 4 _aG 261 V431p
100 1 _aVeith, Gene Edward
245 1 0 _aPosmodern times : A chrisian guide to contemporay thought and culture / Gene Edward Veith
260 _aWheaton, ILL., USA : Crossway
300 _a256 Pag
001 6770
942 _cBK
999 _c37035
_d37035
336 _atexto
_btxt
_2rdacontent
337 _2rdamedia
_asin mediación
_bn
338 _2rdacarrier
_avolumen
_bnc